00890nam a2200277 a 450000100060000000300080000600500170001400800410003102000150007202000210008703500190010804000270012704100080015408200220016209900250018410000310020924500360024025000220027626000510029830000250034950000200037460000430039494200120043799900170044995201460046656539BD-RJUL20211209080417.0161201s1982 enk b 001 0 eng  a052121257X a0521289297 (pbk) a(BD-RJUL)56663 aDLCcDLCdBD-RJULbeng aeng a193223bWAF 1982 a*ML BZ.FEU5 - 7 - H71 aWartofsky, Marx W.916814610aFeuerbach /cMarx W. Wartofsky. a1st paperback ed. aCambridge :bCambridge University Press,c1982 axx, 460 p. ;c24 cm. aIncludes index.10aFeuerbach, Ludwig,d1804-1872.9168148 2ddccBK c56539d56539 00102ddc40718NFICaRUCLbRUCLcReadingd1986-01-02eKarim Internationalg11.95l0o193 WAF 1982r2016-12-01 00:00:00tC-1w2016-12-01yBK